00453nam a2200181 a 4500001001300000003000900013005001700022008004100039020000900080082001700089100002200106245002100128260003500149300000900184500003500193650002100228700002200249nice12345678IN_TiNIC20260116011856.0070625s1977 deva grp 000 0 urd  ac1800a297.4bGHA18 aGhazali, Al, Imam aMinhajul Abedeen aDevband bNo Publishers c1977 a344p aincludes index and biblioraphy aSufism-Alghazali1 aGhazali, Al, Imam